| 000 | 00486nam a22001697a 4500 | ||
|---|---|---|---|
| 003 | BD-ChCU | ||
| 005 | 20251123111430.0 | ||
| 008 | 251123b bg ||||| |||| 00| 0 ben d | ||
| 040 | _cBD-ChCU | ||
| 082 | _a536.7 SOT | ||
| 100 |
_aSommerfeld , Arnold. _916606 |
||
| 245 |
_aThermodynamics and statistical mechanics , ed./ _cArnold , Sommerfeld. |
||
| 260 |
_a New York : _bAcademic press , _cC 1967 |
||
| 300 | _avii , 401p | ||
| 650 | 0 |
_aThermodynamics. _916610 |
|
| 942 |
_2ddc _cBK _n0 |
||
| 999 |
_c109682 _d109682 |
||